| 000 | 00000nas 2200000zi 4500 |
| 001 | 9.874492 |
| 003 | CaOODSP |
| 005 | 20250224144107 |
| 006 | m o d f |
| 007 | cr ||||||||||| |
| 008 | 190607d19711986oncuu m o f0###b0fre|d |
| 040 | |aCaOODSP|bfre|erda|cCaOODSP |
| 043 | |an-cn--- |
| 086 | 1 |aC54-1F-PDF |
| 245 | 00|aTechnological innovation studies program : |bresearch report = Programme des études sur les innovations techniques; rapport de recherche. |
| 246 | 11|aProgramme des études sur les innovations techniques; rapport de recherche |
| 246 | 32|aRapport de recherche sur le programme de subventions aux universités |
| 264 | 1|aOttawa : |bIndustrie et Commerce, Direction de la technologie, |c1971-1986. |
| 336 | |atexte|btxt|2rdacontent/fre |
| 337 | |ainformatique|bc|2rdamedia/fre |
| 338 | |aressource en ligne|bcr|2rdacarrier/fre |
| 362 | 1 |aNe paraît pas après no. 113, 1986. |
| 500 | |aÉdition numérisée de l'imprimé [par Innovation, Sciences et Développement économique Canada]. |
| 504 | |aComprend des références bibliographiques. |
| 515 | |aCertains livraisons sans numérotation assignée. |
| 692 | 07|2gccst|aInnovation technologique |
| 710 | 1 |aCanada. |bIndustrie et commerce. |
| 775 | 08|tTechnological innovation studies program : |w(CaOODSP)9.874469 |